000 00514nam a2200181Ia 4500
001 20029
005 20260306172736.0
008 260306t2003||||xx |||||||||||||| ||spa||
041 _aESP
082 _a342.211
_bC77
100 _aCoordinadora Nacional de Derechos Humanos
_eAUT
245 0 _aRetos de la judicialización en el proceso de verdad, justicia, reparación y reconciliación
260 _c2003
300 _a281 páginas :
_c28 cm.
650 _aGEN
654 _aCDE
942 _cLIB
_dJUS
_fJUS
_2ddc
_n
999 _c20029
_d20029